[Event "Rottach Egern Seniors Cup 10th"]
[Site "Rottach Egern"]
[Date "2022.03.31"]
[Round "6"]
[White "Dreisch, Juergen"]
[Black "Redeker, Frank"]
[Result "1-0"]
[WhiteElo "1570"]
[BlackElo "1658"]
[PlyCount "87"]
[EventDate "2022.03.26"]
[EventType "swiss"]
[EventRounds "9"]
[EventCountry "GER"]
[SourceTitle "CBM 207 Extra"]
[Source "ChessBase"]
[SourceDate "2022.05.31"]
[SourceVersion "1"]
[SourceVersionDate "2022.05.31"]
[SourceQuality "1"]

1. e4 d6 2. d4 g6 3. Nc3 Nf6 4. Bf4 Nh5 5. Be3 c6 6. Be2 Nf6 7. g4 Qa5 8. Bd2 Qc7 9. g5 Nfd7 10. h4 e5 11. d5 h5 12. gxh6 Bxh6 13. Bxh6 Rxh6 14. Qd2 Rh7 15. Nf3 f6 16. Rg1 Nf8 17. 0-0-0 Nbd7 18. dxc6 bxc6 19. Qxd6 Qxd6 20. Rxd6 Bb7 21. Bc4 0-0-0 22. Rgd1 Kc7 23. b4 a6 24. a4 Ra8 25. a5 Rg7 26. Kb2 g5 27. hxg5 fxg5 28. R6d3 g4 29. Nh2 Nf6 30. Rg3 Rd8 31. Rxd8 Kxd8 32. f3 Bc8 33. fxg4 Rh7 34. Rg2 Ne8 35. Nf3 Ng6 36. Ng5 Ke7 37. Nxh7 Nd6 38. Bb3 Bb7 39. g5 Nb5 40. Nxb5 cxb5 41. Bd5 Bc8 42. Nf6 Nf4 43. Rh2 Nxd5 44. Nxd5+ 1-0

[Event "Rottach Egern Seniors Cup 10th"]
[Site "Rottach Egern"]
[Date "2022.03.28"]
[Round "3"]
[White "Zozin, Walter"]
[Black "Dreisch, Juergen"]
[Result "1-0"]
[WhiteElo "1746"]
[BlackElo "1570"]
[PlyCount "73"]
[EventDate "2022.03.26"]
[EventType "swiss"]
[EventRounds "9"]
[EventCountry "GER"]
[SourceTitle "CBM 207 Extra"]
[Source "ChessBase"]
[SourceDate "2022.05.31"]
[SourceVersion "1"]
[SourceVersionDate "2022.05.31"]
[SourceQuality "1"]

1. Nf3 g5 2. Nxg5 e5 3. d4 Be7 4. Ne4 d5 5. Nec3 e4 6. Bf4 c6 7. e3 Nf6 8. Be2 Rg8 9. Bg3 Bd6 10. 0-0 Bxg3 11. fxg3 Be6 12. Rf4 Nbd7 13. a4 Qc7 14. b4 Ke7 15. Nd2 Rg5 16. Na2 Rag8 17. c4 Ng4 18. Qb3 Ndf6 19. Rc1 Qd6 20. c5 Qb8 21. b5 Nh5 22. bxc6 Nxf4 23. exf4 R5g7 24. cxb7 f5 25. c6 Kf6 26. Bxg4 fxg4 27. Qc3 Kf5 28. a5 Qc7 29. Nf1 h5 30. Ne3+ Kf6 31. Nb4 Qd6 32. c7 Rxc7 33. Qxc7 Qxb4 34. Qe5+ Kf7 35. Rc7+ Kf8 36. Qf6+ Ke8 37. Qxe6+ 1-0

[Event "Rottach Egern Seniors Cup 9th"]
[Site "Rottach Egern"]
[Date "2021.10.26"]
[Round "5"]
[White "Dreisch, Juergen"]
[Black "Wenske, Hardy"]
[Result "0-1"]
[WhiteElo "1518"]
[BlackElo "1733"]
[PlyCount "61"]
[EventDate "2021.10.22"]
[EventType "swiss"]
[EventRounds "7"]
[EventCountry "GER"]
[SourceTitle "CBM 204 Extra"]
[Source "ChessBase"]
[SourceDate "2021.11.30"]
[SourceVersion "1"]
[SourceVersionDate "2021.11.30"]
[SourceQuality "1"]

1. e4 d5 2. d4 c6 3. e5 e6 4. Nf3 Nd7 5. Bd3 a6 6. c3 c5 7. 0-0 c4 8. Bc2 h6 9. a4 a5 10. Bf4 g5 11. Bg3 Be7 12. h3 b6 13. Na3 Ba6 14. Nh2 h5 15. f4 h4 16. Be1 f5 17. exf6 Bxf6 18. Bg6+ Ke7 19. fxg5 Bxg5 20. Ng4 Kd6 21. Qe2 Nh6 22. Ne5 Rf8 23. Nf7+ Nxf7 24. Bxf7 Qe7 25. Qh5 Rh8 26. Qe2 Raf8 27. Nb5+ Bxb5 28. axb5 Rxf7 29. Bd2 Bxd2 30. Qxd2 Rhf8 31. Rfe1 0-1

[Event "Rottach Egern Seniors Cup 9th"]
[Site "Rottach Egern"]
[Date "2021.10.22"]
[Round "1"]
[White "Dreisch, Juergen"]
[Black "Zilch, Lothar"]
[Result "1/2-1/2"]
[WhiteElo "1518"]
[BlackElo "1895"]
[PlyCount "62"]
[EventDate "2021.10.22"]
[EventType "swiss"]
[EventRounds "7"]
[EventCountry "GER"]
[SourceTitle "CBM 204 Extra"]
[Source "ChessBase"]
[SourceDate "2021.11.30"]
[SourceVersion "1"]
[SourceVersionDate "2021.11.30"]
[SourceQuality "1"]

1. e4 c5 2. Nf3 a6 3. b4 cxb4 4. d4 d5 5. exd5 Qxd5 6. c4 bxc3 7. Nxc3 Qd8 8. Be2 e6 9. 0-0 Nf6 10. Bg5 Be7 11. Re1 0-0 12. Ne5 Nbd7 13. Qc2 Nd5 14. Bxe7 Nxe7 15. Rad1 Qc7 16. Bd3 Nf6 17. Qd2 Bd7 18. Re3 Rac8 19. Rg3 Ng6 20. Qg5 h6 21. Qe3 Nxe5 22. dxe5 Ne8 23. Qxh6 f5 24. exf6 Rxf6 25. Rxg7+ Nxg7 26. Qxf6 Qxc3 27. Qg6 Ba4 28. Qh7+ Kf8 29. Qh8+ Ke7 30. Qh4+ Kf8 31. Qxa4 Rd8 1/2-1/2

[Event "Nuremberg op"]
[Site "Nuremberg"]
[Date "2019.11.16"]
[Round "3"]
[White "Koellner, Ulrich"]
[Black "Dreisch, Juergen"]
[Result "1-0"]
[WhiteElo "1697"]
[BlackElo "1452"]
[PlyCount "85"]
[EventDate "2019.11.15"]
[EventType "swiss"]
[EventRounds "5"]
[EventCountry "GER"]
[SourceTitle "CBM 193 Extra"]
[Source "ChessBase"]
[SourceDate "2020.01.31"]
[SourceVersion "1"]
[SourceVersionDate "2020.01.31"]
[SourceQuality "1"]

1. d4 Nf6 2. c4 e5 3. dxe5 Ng4 4. Bf4 Bb4+ 5. Nd2 Nc6 6. Ngf3 Qe7 7. a3 Ngxe5 8. Nxe5 Bxd2+ 9. Qxd2 Nxe5 10. e3 0-0 11. Be2 d6 12. 0-0 Bf5 13. Rfd1 Rad8 14. Rac1 Rfe8 15. Qc3 g5 16. Bg3 f6 17. Rd2 Qg7 18. Rcd1 Re6 19. c5 Qe7 20. Qb3 Kg7 21. Qxb7 d5 22. Qxa7 c6 23. Qxe7+ Rxe7 24. Bxe5 Rxe5 25. Bd3 Bg4 26. f3 Bd7 27. e4 h5 28. b4 g4 29. f4 Ree8 30. exd5 cxd5 31. b5 f5 32. c6 Bc8 33. Kf2 h4 34. Re2 g3+ 35. hxg3 hxg3+ 36. Kxg3 Rg8 37. b6 Rd6 38. b7 Rg6+ 39. Kh2 Bxb7 40. cxb7 Kf6 41. Rb1 Rh6+ 42. Kg1 Rb8 43. Rb6+ 1-0

[Event "GER T276-C40-S email"]
[Site "GER email"]
[Date "2018.03.15"]
[Round "?"]
[White "Dreisch, Juergen"]
[Black "Berger, Gerhard"]
[Result "0-1"]
[WhiteElo "1920"]
[BlackElo "1605"]
[PlyCount "53"]
[EventDate "2018.03.26"]
[EventType "tourn (corr)"]
[EventRounds "8"]
[EventCountry "GER"]
[SourceTitle "Corr 2022"]
[Source "ChessBase"]
[SourceDate "2021.10.24"]
[SourceVersion "1"]
[SourceVersionDate "2021.10.24"]
[SourceQuality "1"]

1. e4 e5 2. Nf3 f5 3. exf5 d6 4. d4 Bxf5 5. Nc3 Nd7 6. Bd3 Bg4 7. h3 Bh5 8. 0-0 Be7 9. g4 Bf7 10. Qe2 exd4 11. Nxd4 Ne5 12. Re1 h5 13. g5 g6 14. Be4 c6 15. f4 Nd7 16. f5 gxf5 17. Nxf5 Ne5 18. Bf4 Qb6+ 19. Kh1 Qc7 20. Rad1 Kf8 21. Qg2 Ng6 22. Bxd6 Bxd6 23. Nxd6 Kg7 24. Qg3 Kh7 25. Rf1 Bd5 26. Rf7+ Bxf7 27. Nxf7 0-1

[Event "GER T276-C40-S email"]
[Site "GER email"]
[Date "2018.03.15"]
[Round "?"]
[White "Sondermann, Dirk"]
[Black "Dreisch, Juergen"]
[Result "1-0"]
[WhiteElo "1818"]
[BlackElo "1920"]
[PlyCount "30"]
[EventDate "2018.03.26"]
[EventType "tourn (corr)"]
[EventRounds "8"]
[EventCountry "GER"]
[SourceTitle "Corr 2022"]
[Source "ChessBase"]
[SourceDate "2021.10.24"]
[SourceVersion "1"]
[SourceVersionDate "2021.10.24"]
[SourceQuality "1"]

1. e4 e5 2. Nf3 f5 3. Bc4 b5 4. Bb3 Nc6 5. d4 exd4 6. Nxd4 Nxd4 7. Qxd4 Qf6 8. e5 Qe7 9. Bxg8 Bb7 10. Bb3 c5 11. Qc3 c4 12. Na3 Bxg2 13. Nxb5 Qb4 14. Rg1 Qxb5 15. Bxc4 Qc6 1-0